| 000 | 00560nam a2200169 i 4500 | ||
|---|---|---|---|
| 001 | 58736 | ||
| 003 | ES-MaACL | ||
| 005 | 20230906163855.0 | ||
| 007 | t| | ||
| 008 | 031023s1972 sp ||||1| spa d | ||
| 245 | 0 | 0 |
_aEfectos económicos del presupuesto / _cselección de lecturas de Victorio Valle Sánchez. |
| 260 |
_a[Madrid] : _bInstituto de Estudios Fiscales, _c[1972] |
||
| 300 |
_a605 p. ; _c19 cm. |
||
| 700 | 1 |
_aValle Sánchez, Victorio. _9112819 |
|
| 710 | 2 |
_aInstituto de Estudios Fiscales (España) _9169207 |
|
| 852 |
_aES-MaACL _jL-719 _bR.101524 |
||
| 999 |
_c58736 _d58736 |
||